Music Quiz

Random Music or Singers Quiz

Grammy Winners: Song Of The Year Quiz Stats

 Plays Quiz not verified by Sporcle

Challenge
Share
Tweet
Embed
Score 0/59 Timer 14:00
0 Plays Today
Artist Song % Correct
AdeleHello
83.6%
Amy WinehouseRehab
79.1%
LordeRoyals
77.6%
USA For AfricaWe Are The World
76.1%
SealKiss From A Rose
71.6%
Celine DionMy Heart Will Go On
70.1%
Bobby McFerrinDon't Worry, Be Happy
68.7%
Eric ClaptonTears In Heaven
68.7%
Bette MidlerWind Beneath My Wings
64.2%
Santana ft. Rob ThomasSmooth
64.2%
AdeleRolling In The Deep
62.7%
Simon & GarfunkelBridge Over Troubled Water
61.2%
fun. ft. Janelle MonáeWe Are Young
61.2%
ColdplayViva La Vida
58.2%
Sam SmithStay With Me (Darkchild Version)
58.2%
Christopher CrossSailing
55.2%
The PoliceEvery Breath You Take
55.2%
Kim CarnesBette Davis Eyes
53.7%
Dionne Warwick & FriendsThat's What Friends Are For
53.7%
Natalie Cole & Nat King ColeUnforgettable
53.7%
Alicia KeysFallin'
52.2%
BeyoncéSingles Ladies (Put A Ring On It)
52.2%
Ed SheeranThinking Out Loud
52.2%
Lady AntebellumNeed You Now
50.7%
Tina TurnerWhat's Love Got To Do With It
49.3%
U2Beautiful Day
43.3%
Peabo Bryson & Regina BelleA Whole New World
40.3%
Bruce SpringsteenStreets of Philadelphia
38.8%
Norah JonesDon't Know Why
38.8%
James Taylor & Carole KingYou've Got A Friend
37.3%
Artist Song % Correct
Roberta FlackThe First Time Ever I Saw Your Face
37.3%
Roberta FlackKilling Me Softly With His Song
37.3%
Willie NelsonAlways On My Mind
35.8%
Linda Ronstadt & James IngramSomewhere Out There
35.8%
Barbra Streisand & Debby BooneEvergreen (Love Theme from A Star Is Born) & You Light Up My Life
34.3%
Shawn ColvinSunny Came Home
34.3%
Louis ArmstrongHello, Dolly!
32.8%
Barbra StreisandThe Way We Were
32.8%
Barry ManilowI Write The Songs
31.3%
Billy JoelJust The Way You Are
31.3%
The Doobie BrothersWhat A Fool Believes
31.3%
Bette MidlerFrom A Distance
31.3%
Dixie ChicksNot Ready To Make Nice
31.3%
John MayerDaughters
29.9%
Domenico ModugnoVolare
28.4%
Henry ManciniMoon River
25.4%
Judy CollinsSend In The Clowns
23.9%
Luther VandrossDance With My Father
23.9%
Johnny HortonThe Battle of New Orleans
22.4%
The 5th DimensionUp, Up And Away
22.4%
Eric ClaptonChange The World
22.4%
The BeatlesMichelle
14.9%
Henry ManciniDays of Wine and Roses
13.4%
O.C. SmithLittle Green Apples
13.4%
U2Sometimes You Can't Make It On Your Own
11.9%
Joe SouthGames People Play
10.4%
Sammy Davis Jr.What Kind Of Fool Am I?
6%
Various Artists (Instrumental)Theme Of Exodus
4.5%
Tony BennettThe Shadow Of Your Smile
3%

You're not logged in!

Compare scores with friends on all Sporcle quizzes.
Join for Free
OR
Log In

You Might Also Like...

Show Comments

Extras

Top Quizzes Today


Score Distribution

Your Account Isn't Verified!

In order to create a playlist on Sporcle, you need to verify the email address you used during registration. Go to your Sporcle Settings to finish the process.

Report this User

Report this user for behavior that violates our Community Guidelines.

Details: